000 00577nam a2200193 i 4500
001 23778
003 ES-MaACL
005 20240207215654.0
007 t|
008 021212s1979 sp ||||1| spa d
100 1 _aAnderson, Perry.
_921462
245 1 3 _aEl estado absolutista /
_cpor Perry Anderson ; [traducción de Santos Juliá].
250 _a[1ª ed.].
260 _a[Madrid] :
_bSiglo Veintiuno,
_c[1979]
300 _a592 p. ;
_c21 cm.
700 1 _aJuliá, Santos,
_d1940-2019
_967236
852 _aES-MaACL
_jA-10774
_bR.99875
999 _c23778
_d23778